| 000 | 01303nmc a2200361 a 4500 | ||
|---|---|---|---|
| 003 | AR-BaBNM | ||
| 005 | 20251128205137.0 | ||
| 008 | 096119s1994 ||||||||||||||000 | spa|| | ||
| 020 | _a84-277-1088-7 | ||
| 040 | _cAR-BaBNM | ||
| 100 | 1 | _aArroyo Almaraz, Antonio | |
| 245 | 1 | 0 |
_aEl departamento de orientación _batención a la diversidad |
| 250 | _a1ª ed. | ||
| 260 |
_aMadrid _bNarcea _bMinisterio de Educación y Ciencia _c1994 |
||
| 300 | 0 |
_ap. irreg. _btablas, diagr. |
|
| 490 | 0 | _aMateriales 12-16 para Educación Secundaria. Orientación y tutoría | |
| 500 | 0 | _aEsta carpeta contiene dos libros: El departamento de orientación: atención a la diversidad / Guía teórica | |
| 500 | 1 | _aEl departamento de orientación: atención a la diversidad / Guía práctica, materiales de apoyo | |
| 504 | _aBibliografía: p. 148 | ||
| 650 | 4 | _aREFORMA DE LA EDUCACION | |
| 650 | 4 | _aPLURALISMO CULTURAL | |
| 650 | 4 | _aORIENTACION PEDAGOGICA DE DOCENTES | |
| 651 | 4 | _aEspaña | |
| 653 | _aORIENTACION EDUCATIVA | ||
| 653 | _aEDUCACION GENERAL BASICA | ||
| 653 | _aEDUCACION SECUNDARIA | ||
| 653 | _aGABINETES PSICOPEDAGOGICOS | ||
| 653 | _aNIVEL MEDIO | ||
| 700 | 1 | _aCastelo Moreno, Asunción | |
| 700 | 1 | _aPueyo Caudevilla, María del Carmen | |
| 942 | _cBK | ||
| 998 | _csilvi | ||
| 999 |
_c10171 _d10171 |
||